[Event "FRM-ch"]
[Site "Struga"]
[Date "1993.??.??"]
[Round "9"]
[White "Mitkov, Marjan"]
[Black "Gicov, Zoran"]
[Result "1-0"]
[WhiteElo "2325"]
[BlackElo "2265"]

1.d4 Nf6 2.c4 d6 3.Nc3 Nbd7 4.e4 e5 5.Nf3 g6 6.Be2 Bg7 7.O-O O-O 8.Re1 c6
9.d5 c5 10.a3 Qe7 11.Bg5 h6 12.Bd2 Kh7 13.Qc2 Ng8 14.g3 g5 15.b4 b6 16.Rab1 Kh8
17.Kg2 Nb8 18.bxc5 bxc5 19.Bd3 Qd7 20.Ng1 Ne7 21.Qa4 Qxa4 22.Nxa4 f5 23.f3 Nd7
24.Nc3 Ba6 25.Nb5 Bxb5 26.Rxb5 Rfb8 27.Reb1 fxe4 28.fxe4 Rb6 29.a4 Rab8 30.a5 Rxb5
31.Rxb5 a6 32.Rxb8+ Nxb8 33.Ne2 Bf6 34.Nc3 Ng6 35.Be2 Bd8 36.Nd1 Nd7 37.Nf2 Nf6
38.Bd1 Kg7 39.Ba4 Ne7 40.Kf3 h5 41.Bxg5 Bxa5 42.h3 Ng6 43.g4 h4 44.Bc1 Be1
45.Nd1 Bg3 46.Ne3 Bf4 47.Nf5+ Kf8 48.Ba3 Nh7 49.Nxd6 Ng5+ 50.Kg2 Bg3 51.Bxc5 Nf4+
52.Kf1 Nf3 53.Nf5+ Kf7 54.d6 Nd2+ 55.Kg1 Nxh3+ 56.Kg2 Nf4+ 57.Kh1 Ne6 58.d7 Bf4
59.Be7 Nxe4 60.d8=Q Nxd8 61.Bxd8 Nf2+ 62.Kg2 Nxg4 63.c5 e4 64.c6 h3+ 65.Kxh3 e3
66.Kxg4 e2 67.Bh4 Ke6 68.Kxf4  1-0

[Event "FRM-ch"]
[Site "Struga"]
[Date "1993.??.??"]
[Round "9"]
[White "Andonovski, Ljubisa"]
[Black "Sofrevski, Jovan"]
[Result "0-1"]
[WhiteElo "2265"]
[BlackElo "2415"]

1.d4 Nf6 2.c4 d6 3.Nc3 Nbd7 4.Nf3 g6 5.e4 e5 6.Be2 Bg7 7.O-O O-O 8.Be3 Qe7
9.d5 c5 10.dxc6 bxc6 11.b4 Bb7 12.Nd2 d5 13.cxd5 cxd5 14.exd5 Nxd5 15.Nxd5 Bxd5
16.Nb3 Qe6 17.Qd2 Bxb3 18.axb3 Nb6 19.Ra3 Rfd8 20.Qa2 Nd5 21.Rxa7 Rxa7 22.Qxa7 Nxe3
23.Qxe3 e4 24.Bc4 Qe7 25.Re1 Bd4 26.Qxe4 Qf6 27.Re2 Kg7 28.g3 h5 29.h4 Bb6
30.Kg2 Rd1 31.Qf3 Rg1+  0-1

[Event "EU-ch U18 Girls"]
[Site "Svitavy"]
[Date "1993.??.??"]
[Round "4"]
[White "Manakova, Maria"]
[Black "Petrenko, Svetlana"]
[Result "0-1"]
[WhiteElo "2185"]
[BlackElo "2075"]

1.d4 Nf6 2.c4 d6 3.Nc3 Nbd7 4.e4 e5 5.Nf3 g6 6.Be2 Bg7 7.O-O O-O 8.d5 Nc5
9.Qc2 a5 10.Ne1 Ne8 11.Nd3 Nxd3 12.Bxd3 f5 13.f4 exf4 14.Bxf4 Bd4+ 15.Kh1 Ng7
16.Nb5 fxe4 17.Nxd4 exd3 18.Qxd3 Bf5 19.Qd2 Qd7 20.Bh6 b6 21.Rae1 Rf7 22.Qc3 Raf8
23.Bxg7 Rxg7 24.Ne6 Bxe6 25.Rxf8+ Kxf8 26.dxe6 Qe7 27.Rf1+ Kg8 28.Qf3 Qe8
29.Qd5 Re7 30.h4 c6 31.Qxd6 Rxe6 32.Rf8+ Kg7 33.Rxe8 Rxd6 34.Re7+ Kf6 35.Rxh7 Kf5
36.h5 g5 37.h6 g4 38.Rf7+ Kg6 39.Rg7+ Kxh6 40.Rxg4 Rd2 41.Re4 Rxb2 42.Re6+ Kg5
43.Rxc6 Kf4 44.Rh6 a4 45.a3 Rb3 46.Rh4+ Ke5 47.Rh6 Kd4 48.Rc6 Rxa3 49.Rxb6 Kxc4
50.Rc6+ Kb5 51.Rc8 Rg3 52.Rb8+ Kc4 53.Rc8+ Kb3 54.Rb8+ Kc2 55.Kh2 Rb3 56.Ra8 a3
57.g4 Kb2 58.Rf8 a2 59.Rf2+ Ka3 60.Rf1 Rb1  0-1

[Event "EU-ch U18 Girls"]
[Site "Svitavy"]
[Date "1993.??.??"]
[Round "7"]
[White "Relic, Rajna"]
[Black "Manakova, Maria"]
[Result "0-1"]
[WhiteElo "2045"]
[BlackElo "2185"]

1.d4 Nf6 2.c4 g6 3.Nc3 Bg7 4.e4 O-O 5.Nf3 d6 6.Be2 e5 7.dxe5 dxe5 8.Qxd8 Rxd8
9.Bg5 Re8 10.O-O c6 11.Rfd1 Nbd7 12.h3 Nc5 13.Bd3 Ne6 14.Be3 Nh5 15.Rd2 Nd4
16.Bxd4 exd4 17.Ne2 c5 18.g4 Nf6 19.Ng3 Nd7 20.Rf1 a6 21.Ne1 Rb8 22.f4 f6
23.a4 Nf8 24.Nc2 Bd7 25.b3 Ne6 26.f5 Ng5 27.h4 Nf7 28.b4 Bh6 29.Rdf2 Ne5
30.fxg6 Nxd3 31.gxh7+ Kxh7 32.Rxf6 Bg7 33.R6f3 Ne5 34.Rf4 Bxa4 35.Ne1 cxb4
36.g5 b3 37.h5 b2 38.g6+ Kg8 39.Ng2 Bh6 40.R4f2 Bc1  0-1

[Event "SWE-chT 9394"]
[Site "SWE"]
[Date "1993.??.??"]
[Round "2"]
[White "Hedman, Erik"]
[Black "Holst, Conny"]
[Result "0-1"]
[WhiteElo "2225"]
[BlackElo "2225"]

1.d4 Nf6 2.c4 g6 3.Nc3 Bg7 4.e4 d6 5.Nf3 O-O 6.Be2 e5 7.Be3 Ng4 8.Bg5 f6
9.Bh4 g5 10.Bg3 Nh6 11.h3 Nc6 12.d5 Ne7 13.Qd2 Nf7 14.Nh2 f5 15.f3 Ng6 16.Bf2 Nf4
17.Bf1 a6 18.g3 Ng6 19.exf5 Bxf5 20.Ng4 b5 21.cxb5 axb5 22.Ne4 Bd7 23.Be3 h5
24.Ngf2 h4 25.g4 Nf4 26.a3 c5 27.dxc6 Bxc6 28.O-O-O d5 29.Nc5 Re8 30.Bd3 Qe7
31.Nb3 Ne6 32.Qb4 Qxb4 33.axb4 d4 34.Bd2 Bxf3 35.Bxb5 Rec8+ 36.Kb1 Bxh1 37.Rxh1 Nf4
38.Ne4 Bf8 39.Nbc5 Nd6 40.Bd7 Rc7 41.Rf1 Nxe4 42.Nxe4 Kg7 43.Bf5 Kh6 44.Rf3 Be7
45.Rb3 Rb7 46.Kc2 d3+ 47.Kb1 Rba7 48.Ra3 Rxa3 49.bxa3 Rxa3 50.Kb2 Ra7 51.Nf2 Rb7
52.Kb3 Bc5 53.Nxd3 Bd4 54.Kc4 Nxh3 55.Nc5 Rc7 56.Kd5 Nf4+ 57.Kd6 Rf7 58.Nd7 h3
59.Be4 h2 60.b5 Nd3 61.b6 Rxd7+ 62.Kxd7 Nc5+ 63.Kc7 Nxe4 64.b7 Ba7 65.Be3 h1=Q
66.Bxa7 Qc1+ 67.Kd8 Qd2+ 68.Kc7 Qd6+ 69.Kc8 Qc6+  0-1

[Event "SWZ-ch"]
[Site "?"]
[Date "1993.??.??"]
[Round "?"]
[White "Huss, Andreas"]
[Black "Ekstroem, Roland"]
[Result "1/2-1/2"]
[WhiteElo "2400"]
[BlackElo "2420"]

1.d4 g6 2.c4 Bg7 3.e4 d6 4.Nc3 Nf6 5.Nf3 O-O 6.Be2 e5 7.d5 a5 8.Bg5 h6 9.Bh4 g5
10.Bg3 Nh5 11.h4 g4 12.Nd2 Nxg3 13.fxg3 h5 14.O-O Na6 15.Bd3 Nc5 16.Bc2 Bd7
17.Kh2 Bh6 18.Qe2 Qe7 19.b3 f6 20.a3 Rf7 21.b4 axb4 22.axb4 Rxa1 23.Rxa1 Na6
24.Rb1 Kg7 25.Nf1 Qd8 26.Qf2 Qf8 27.Ne3 Bxe3 28.Qxe3 Kg6 29.Qf2 Bc8 30.Nd1 f5
31.exf5+ Bxf5 32.Ne3 Bxc2 33.Qxc2+ Kg7 34.Rb2 Rf6 35.Qc3 Rf2 36.c5 Qf3 37.Rxf2 Qxf2
38.cxd6 cxd6 39.Nc4 Qf6 40.Nd2 Qf7 41.Qc4 Qf2 42.Ne4 Qd4 43.Qc2 Qxd5 44.Ng5 e4
45.Nxe4 Kf8 46.Nf6 Qe6 47.Nh7+ Ke7 48.Ng5 Qd5 49.Qh7+ Kd8 50.Qxh5 Nxb4 51.Qxg4 Nd3
52.Ne6+ Ke7 53.Nd4 Ne5 54.Nf5+ Kd8 55.Qg5+ Kc7 56.Qe7+ Kc6 57.Qe8+ Kc5 58.Qc8+ Kb4
59.Kh3 Nd3 60.Ne3 Qe4 61.Nd1 Ne5 62.Qc3+ Kb5 63.Qb2+ Kc6 64.Nf2 Qe3 65.Qc2+ Kb6
66.Qb1+ Kc7 67.Qh7+ Kb6 68.Qb1+ Kc7 69.Qc2+ Kb8 70.h5 d5 71.Qf5 d4 72.Qf8+ Ka7
73.h6 Qg5 74.g4 Ng6 75.Qa3+ Kb8 76.Qd6+ Ka8 77.Qa3+ Kb8 78.Qd6+ Ka8 79.Qa3+  1/2-1/2

[Event "SWZ-chT"]
[Site "?"]
[Date "1993.??.??"]
[Round "?"]
[White "Rueetschi, Urs"]
[Black "Weindl, Alfred"]
[Result "0-1"]
[WhiteElo "2265"]
[BlackElo "2350"]

1.d4 Nf6 2.c4 g6 3.Nc3 Bg7 4.e4 d6 5.Nf3 O-O 6.Be2 e5 7.O-O Nbd7 8.Qc2 c6
9.Rd1 Qe7 10.dxe5 dxe5 11.Rb1 Nc5 12.Nd2 a5 13.b3 Ne6 14.Qb2 Nd4 15.a3 Rd8
16.Re1 Be6 17.b4 axb4 18.axb4 Rd7 19.c5 Nxe2+ 20.Rxe2 Nh5 21.g3 Nf4 22.gxf4 exf4
23.e5 Qg5+ 24.Kh1 f3 25.Nxf3 Qh5 26.Ng1 Bxe5 27.Rxe5 Qxe5 28.Bh6 Rd3 29.Nce2 Qxb2
30.Rxb2 Bd5+ 31.f3 f6 32.Kg2 g5 33.h4 Kf7 34.h5 Raa3 35.Nc1 Rdc3 36.Nce2 Bxf3+
37.Nxf3 Rxf3 38.b5 Rfb3 39.Rd2 Rd3 40.Rb2 Rab3 41.Rxb3 Rxb3 42.bxc6 bxc6
43.Nd4 Rc3 44.Nxc6 Rxc5 45.Nd8+ Kg8 46.Kf3 Rc4 47.Ne6 Rh4 48.Ng7 Kf7 49.Kg3 Rb4
50.Nf5 Ke6 51.Ng7+ Ke5 52.Kf3 Rb3+ 53.Kg4 Rb4+ 54.Kf3 Rh4 55.Ne8 Rxh5 56.Bg7 Rh4
57.Bxf6+ Kf5 58.Bd8 Rh3+ 59.Kg2 Rd3 60.Bc7 Rd2+ 61.Kg1 Rc2 62.Bh2 h5 63.Ng7+ Kg4
64.Ne6 Re2 65.Nd4 Re4 66.Nc6 h4 67.Ne5+ Kh5 68.Kf2 g4 69.Nxg4 Kxg4 70.Bc7 Rc4
71.Bd6 Kh3 72.Bb8 Rc2+ 73.Kg1 Rg2+ 74.Kf1 Rg8 75.Bd6 Kg4 76.Kf2 Kf5 77.Kf1 Ke4
78.Kf2 h3 79.Bg3 Rg6  0-1

[Event "SWZ-chT"]
[Site "?"]
[Date "1993.??.??"]
[Round "?"]
[White "Jakob, Simon"]
[Black "Lurje, Pawel"]
[Result "1/2-1/2"]
[WhiteElo "2280"]
[BlackElo "2080"]

1.d4 Nf6 2.Nf3 g6 3.c4 Bg7 4.Nc3 d6 5.e4 O-O 6.Be2 e5 7.dxe5 dxe5 8.Qxd8 Rxd8
9.Bg5 Nbd7 10.O-O-O Rf8 11.Nd5 Nxe4 12.Ne7+ Kh8 13.Nxc8 Ndc5 14.Ne7 Nxg5
15.Nxg5 Bf6 16.Nxg6+ hxg6 17.Nh3 Rad8 18.Rxd8 Rxd8 19.Rd1 Rd4 20.b3 Ne6 21.Rxd4 exd4
22.Bf3 c6 23.Bg4 Nc5 24.Bc8 a5 25.f3 Be5 26.g3 f6 27.Nf2 b6 28.Kc2 Kg7 29.a3 Bd6
30.b4 axb4 31.axb4 d3+ 32.Kd1 Nb3 33.Nxd3 Nd4 34.f4 g5 35.fxg5 fxg5 36.c5 bxc5
37.bxc5 Be7 38.Bd7 Nb3 39.Bxc6 Nxc5 40.Ne5 Ne6 41.Kd2 Bc5 42.Kd3 Bd4 43.Ke4 Bb2
44.Kf5 Nf8 45.Nf3 Nh7 46.Be4 Bc1 47.Nd4 Nf8 48.Bd3 Be3 49.Nf3 Nh7 50.Ne5 Nf6
51.Ng4  1/2-1/2

[Event "SWZ-chT"]
[Site "?"]
[Date "1993.??.??"]
[Round "?"]
[White "Danner, Georg"]
[Black "Cvitan, Ognjen"]
[Result "1/2-1/2"]
[WhiteElo "2385"]
[BlackElo "2575"]

1.d4 Nf6 2.c4 g6 3.Nc3 Bg7 4.e4 d6 5.Nf3 O-O 6.Be2 e5 7.d5 a5 8.Bg5 h6 9.Bh4 Na6
10.Nd2 Qe8 11.a3 Bd7 12.b3 Nh7 13.f3 f5 14.Rb1 Nc5 15.b4 axb4 16.axb4 Na4
17.Qc2 Nxc3 18.Qxc3 Nf6 19.Bf2 fxe4 20.Nxe4 Bf5 21.Bd3 Bxe4 22.Bxe4 Nxe4
23.fxe4 Rf4 24.Qd3 Ra2 25.O-O Qa4 26.c5 Qc2 27.Qxc2 Rxc2 28.Ra1 dxc5 29.Bxc5 b6
30.d6 cxd6 31.Bxd6 Rxe4 32.Ra8+ Kh7 33.Ra7 Ree2 34.Kh1 Rf2 35.Rfa1 Rce2 36.h4 g5
37.Rb7 Kg6 38.h5+ Kxh5 39.Rxg7 Rxg2 40.Bxe5 Rg4 41.Bd6 Rd2 42.Bc7 Rxb4 43.Re1 b5
44.Rge7 Rc4 45.Bg3 b4 46.R7e3 Rc3 47.Be5 Rcd3 48.Rxd3 Rxd3 49.Re4 b3 50.Rb4 Kg6
51.Kg2 h5 52.Kf2 h4 53.Ke2 Rh3 54.Bc7 Rc3 55.Be5 Rc5 56.Bd4 Rc2+ 57.Kd3 h3
58.Rxb3 h2 59.Rb1 Rg2 60.Ke4 Rg4+ 61.Ke5 Kh5 62.Rh1 Rg2 63.Kf5 Kh4 64.Be5 Kh3
65.Bxh2 Rxh2 66.Rxh2+ Kxh2  1/2-1/2

[Event "Szeged op"]
[Site "Szeged"]
[Date "1993.??.??"]
[Round "3"]
[White "Kovacs, Attila"]
[Black "Valis, Janos"]
[Result "0-1"]
[WhiteElo "2365"]
[BlackElo "2205"]

1.d4 Nf6 2.Nf3 g6 3.c4 Bg7 4.Nc3 O-O 5.e4 d6 6.Be2 e5 7.dxe5 dxe5 8.Qxd8 Rxd8
9.Bg5 Re8 10.O-O c6 11.h3 Na6 12.Be3 Bf8 13.a3 Nc5 14.Nd2 Ne6 15.Nf3 Bc5
16.Bxc5 Nxc5 17.Nd2 Ne6 18.Rfd1 Nd4 19.Kf1 Be6 20.c5 Nd7 21.b4 Nc2 22.Rac1 Nxa3
23.b5 Nxc5 24.bxc6 bxc6 25.Nb5 Nxb5 26.Rxc5 Nd4 27.Rxe5 Nxe2  0-1

[Event "Ticino op"]
[Site "Ticino"]
[Date "1993.??.??"]
[Round "4"]
[White "Gleizerov, Evgeny"]
[Black "Foisor, Cristina Adela B"]
[Result "1-0"]
[WhiteElo "2525"]
[BlackElo "2360"]

1.d4 Nf6 2.c4 g6 3.Nc3 Bg7 4.e4 d6 5.Nf3 O-O 6.Be2 e5 7.O-O Na6 8.Be3 Ng4
9.Bg5 Qe8 10.dxe5 dxe5 11.h3 h6 12.Bc1 Nf6 13.Be3 Nh5 14.Re1 c6 15.c5 Nf4
16.Bxa6 bxa6 17.Bxf4 exf4 18.e5 Rb8 19.Ne4 Qd8 20.Qc1 Be6 21.b3 g5 22.Nd6 Qd7
23.Qc2 Bd5 24.Nd4 f3 25.Qf5 Qxf5 26.N4xf5 Kh7 27.Ne7 fxg2 28.Nxd5 cxd5 29.c6 d4
30.c7 Rbc8 31.Nxc8 Rxc8 32.Rac1 d3 33.Rc5 Kg6 34.Rd1 Kf5 35.Rxd3 Bxe5 36.Rd6 a5
37.Ra6 Ke4 38.Raxa5 f6 39.Kxg2  1-0

[Event "DEN-ch"]
[Site "Tonder"]
[Date "1993.??.??"]
[Round "3"]
[White "Danielsen, Henrik"]
[Black "Hoi, Carsten"]
[Result "1-0"]
[WhiteElo "2445"]
[BlackElo "2415"]

1.d4 Nf6 2.Nf3 g6 3.c4 Bg7 4.Nc3 O-O 5.e4 d6 6.Be2 e5 7.dxe5 dxe5 8.Qxd8 Rxd8
9.Bg5 c6 10.Nxe5 Re8 11.f4 Na6 12.Bh4 Nc5 13.Bf3 h6 14.Bf2 Nfd7 15.O-O-O Nxe5
16.Bxc5 Nxf3 17.gxf3 Be6 18.Rhg1 Kh7 19.Bd4 Bf8 20.b3 b6 21.Kc2 Rab8 22.Rg2 a6
23.Be5 Rb7 24.Rgd2 Be7 25.Ne2 Rc8 26.Rg1 Bb4 27.Bc3 Bxc3 28.Nxc3 b5 29.c5 a5
30.h4 Re7 31.Rd6 a4 32.bxa4 b4 33.Ne2 Ra7 34.Nd4 Bc4 35.f5 Rg8 36.fxg6+ Rxg6
37.Rgxg6 fxg6 38.Nxc6 Rxa4 39.Rd7+ Kh8 40.Kc1 Bxa2 41.Rb7 b3 42.Ne5 Ra5 43.Nxg6+ Kg8
44.c6 Rc5+ 45.Kb2  1-0

[Event "DEN-ch"]
[Site "Tonder"]
[Date "1993.??.??"]
[Round "3"]
[White "Kristiansen, Jens"]
[Black "Hansen, Sune Berg"]
[Result "1/2-1/2"]
[WhiteElo "2415"]
[BlackElo "2405"]

1.c4 g6 2.Nf3 Bg7 3.e4 d6 4.d4 Nf6 5.Nc3 O-O 6.Be2 e5 7.d5 a5 8.Bg5 h6 9.Bh4 Na6
10.O-O Qe8 11.Ne1 Nc5 12.f3 Nh5 13.Nd3 Nxd3 14.Bxd3 f5 15.a3 Nf4 16.Bc2 g5
17.Bf2 g4 18.exf5 gxf3 19.Qxf3 Bxf5 20.Be4 Qg6 21.Be3 Ne2+ 22.Qxe2 Bxe4 23.Nxe4 Qxe4
24.Qd2 Kh7 25.a4 Qxc4 26.Rfc1 Qe4 27.Rxc7 Rfc8 28.Rac1 Rxc7 29.Rxc7 Kg8 30.h3 h5
31.Bh6 Bf6 32.Bg5 Bg7 33.Be7 Qg6 34.Rxb7 Bh6 35.Qc3 Qb1+ 36.Kh2 Bf4+ 37.g3 Qf5
38.gxf4 Rc8 39.Rc7 Qxf4+ 40.Kg2 Qe4+ 41.Kg1 Rxc7 42.Qxc7 Qe1+ 43.Kg2 Qe2+
44.Kg3 Qe1+ 45.Kf3 Qf1+ 46.Ke3 Qe1+ 47.Kd3 Qd1+ 48.Ke4 Qb1+  1/2-1/2

[Event "Toronto"]
[Site "Toronto"]
[Date "1993.??.??"]
[Round "6"]
[White "Walker, Ben"]
[Black "Livshits, Ron"]
[Result "1-0"]
[WhiteElo "2265"]
[BlackElo "2310"]

1.Nf3 Nf6 2.d4 g6 3.c4 Bg7 4.Nc3 O-O 5.e4 d6 6.Be2 e5 7.d5 a5 8.Bg5 h6 9.Bh4 Na6
10.O-O Qe8 11.Nd2 Nh7 12.f3 f5 13.g4 f4 14.Kh1 Bd7 15.Rg1 g5 16.Bf2 h5 17.h3 Qg6
18.Rg2 hxg4 19.hxg4 Nf6 20.Rh2 Kf7 21.c5 Nxc5 22.Bxc5 dxc5 23.Qb3 a4  1-0

[Event "Ufa"]
[Site "Ufa"]
[Date "1993.??.??"]
[Round "?"]
[White "Annakov, Babakuli"]
[Black "Ibragimov, Ildar"]
[Result "1-0"]
[WhiteElo "2350"]
[BlackElo "2540"]

1.d4 Nf6 2.c4 g6 3.Nc3 Bg7 4.e4 d6 5.Nf3 O-O 6.Be2 e5 7.d5 a5 8.Bg5 Na6 9.Nd2 Qe8
10.a3 Bd7 11.b3 h6 12.Bh4 Nh7 13.Qc2 h5 14.f3 Bh6 15.Rb1 f5 16.Bf2 Nc5 17.b4 axb4
18.axb4 Na4 19.Nd1 Nf6 20.Bd3 c6 21.dxc6 bxc6 22.O-O d5 23.Bh4 g5 24.Bf2 fxe4
25.fxe4 d4 26.c5 g4 27.Nc4 Bg5 28.Bg3 h4 29.Bxe5 g3 30.Bd6 gxh2+ 31.Kh1 Rf7
32.Ne5 Rg7 33.Nxd7 Qxd7 34.e5 Nd5 35.Qxa4  1-0

[Event "Ufa"]
[Site "Ufa"]
[Date "1993.??.??"]
[Round "?"]
[White "Golod, Vitali"]
[Black "Kalegin, Evgenij"]
[Result "1-0"]
[WhiteElo "2485"]
[BlackElo "2355"]

1.d4 Nf6 2.c4 g6 3.Nc3 Bg7 4.e4 d6 5.Nf3 O-O 6.Be2 e5 7.O-O Nbd7 8.Qc2 c6
9.Rd1 Re8 10.d5 c5 11.Ne1 Rf8 12.a3 Kh8 13.b4 b6 14.Rb1 Ng8 15.Nb5 Ndf6 16.bxc5 bxc5
17.Bg5 h6 18.Bd2 Ne7 19.f4 a6 20.fxe5 Nxe4 21.Nxd6 Nxd6 22.exd6 Nf5 23.Nf3 Qxd6
24.Bc3 Re8 25.Bxg7+ Kxg7 26.Qc3+ Kg8 27.Re1 Bd7 28.Bd3 Rab8 29.Rxb8 Rxb8
30.Bxf5 Bxf5 31.Qe5 Qxe5 32.Nxe5 Kg7 33.g4 Bc2 34.Nd7 Rb1 35.Rxb1 Bxb1 36.d6 Ba2
37.Kf2 f6 38.Nxc5 Kf7 39.Nxa6 Bxc4 40.Nc5 Bb5 41.Ke3 Bc6 42.Kf4 Bb5 43.a4 Be2
44.a5 Bc4 45.a6 Bb5 46.Ke4 Bf1 47.Kd5  1-0

[Event "Ufa"]
[Site "Ufa"]
[Date "1993.??.??"]
[Round "?"]
[White "Annakov, Babakuli"]
[Black "Golod, Vitali"]
[Result "0-1"]
[WhiteElo "2315"]
[BlackElo "2490"]

1.d4 Nf6 2.c4 g6 3.Nc3 Bg7 4.e4 d6 5.Be2 O-O 6.Nf3 e5 7.d5 Nbd7 8.Bg5 h6
9.Bh4 a5 10.Nd2 Nc5 11.b3 Bd7 12.a3 Qe8 13.Rb1 Nh5 14.Qc2 Nf4 15.Bf1 f5 16.f3 fxe4
17.Ndxe4 Nxe4 18.Nxe4 g5 19.Bf2 g4 20.g3 Nh3 21.Bxh3 gxh3 22.Qd3 Qg6 23.O-O Rf7
24.Be1 b6 25.Bd2 Raf8 26.Rf2 h5 27.Rbf1 h4 28.Qe3 hxg3 29.hxg3 Bf5 30.Ng5 Bh6
31.f4 exf4 32.gxf4 Bd3 33.Qe6 Bxg5 34.Kh2 Qxe6 35.dxe6 Rg7  0-1

[Event "USA-ch (Women)"]
[Site "?"]
[Date "1993.??.??"]
[Round "?"]
[White "Akhmilovskaya, Elena"]
[Black "Levitina, Irina S"]
[Result "1/2-1/2"]
[WhiteElo "2405"]
[BlackElo "2415"]

1.d4 Nf6 2.c4 g6 3.Nc3 Bg7 4.e4 d6 5.Nf3 O-O 6.Be2 e5 7.dxe5 dxe5 8.Qxd8 Rxd8
9.Bg5 c6 10.Nxe5 Re8 11.O-O-O Na6 12.Nf3 Bg4 13.h3 Nxe4 14.Nxe4 Rxe4 15.Be3 Bxf3
16.gxf3 Re7 17.Kc2 Nc7 18.Rd2  1/2-1/2

[Event "UZB-ch"]
[Site "?"]
[Date "1993.??.??"]
[Round "7"]
[White "Vakhidov, Tahir"]
[Black "Saltaev, Mihail"]
[Result "1/2-1/2"]
[WhiteElo "2455"]
[BlackElo "2470"]

1.d4 Nf6 2.c4 g6 3.Nc3 Bg7 4.e4 d6 5.Be2 O-O 6.Nf3 e5 7.dxe5 dxe5 8.Qxd8 Rxd8
9.Bg5 Rf8 10.Nd5 Nxd5 11.cxd5 c6 12.Bc4 cxd5 13.Bxd5 Na6  1/2-1/2

[Event "Vantaa We EtVaS"]
[Site "Vantaa"]
[Date "1993.??.??"]
[Round "?"]
[White "Paasikangas, Johanna"]
[Black "Sepp, Olav"]
[Result "0-1"]
[WhiteElo "2200"]
[BlackElo "2390"]

1.d4 Nf6 2.c4 g6 3.Nc3 Bg7 4.e4 d6 5.Nf3 O-O 6.Be2 e5 7.O-O Na6 8.Rb1 exd4
9.Nxd4 Re8 10.f3 c6 11.Kh1 Nh5 12.f4 Nf6 13.Bf3 Nc5 14.Re1 Ng4 15.Bxg4 Bxg4
16.Qxg4 Bxd4 17.Be3 Bxc3 18.bxc3 Rxe4 19.Bd4 Rxe1+ 20.Rxe1 f5 21.Qe2 Ne4
22.Qf3 c5 23.Be3 Qf6 24.Rc1 Re8 25.Bg1 Qh4 26.Rd1 b6 27.a4 h5 28.Rf1 Qf6
29.Rc1 Kg7 30.Qd3 Qh4 31.Rf1 Qf6 32.Rc1 Re7 33.g3 h4 34.Kg2 Re8 35.Rc2 hxg3
36.hxg3 Qe6 37.Ra2 Qf6 38.Ra3 Re7 39.Be3 Qe6 40.Bg1 Nf6 41.a5 bxa5 42.Rxa5 Qe4+
43.Qxe4 Nxe4 44.Ra6 Kf7 45.Ra3 Rb7 46.Be3 Ke6 47.Kf3 Kd7 48.g4 Kc8 49.Ra2 Nxc3
50.Rh2 Rb3 51.gxf5 gxf5 52.Rd2 Ne4 53.Rd5 Kd7 54.Rxf5 Nd2+ 55.Ke2 Nxc4 56.Bg1 Ke6
57.Rh5 a5 58.Bf2 a4 59.f5+ Kf7 60.Rh6 a3 61.Bh4 a2 62.Rh7+ Kg8 63.Ra7 Ra3  0-1

[Event "EU-ch U18"]
[Site "Vejen"]
[Date "1993.??.??"]
[Round "1"]
[White "Ceteras, Marius"]
[Black "Rogozenko, Dorin"]
[Result "0-1"]
[WhiteElo "2330"]
[BlackElo "2500"]

1.d4 Nf6 2.c4 d6 3.Nc3 Nbd7 4.Nf3 g6 5.e4 e5 6.Be2 Bg7 7.O-O O-O 8.Re1 Re8
9.Bf1 a6 10.d5 a5 11.Nd2 Bh6 12.Rb1 Nc5 13.b3 Na6 14.a3 c5 15.dxc6 bxc6 16.b4 axb4
17.axb4 c5 18.b5 Nb4 19.Bb2 Re7 20.Nb3 Be6 21.Ra1 Rxa1 22.Bxa1 Ra7 23.Bb2 Qb8
24.Bc1 Bxc1 25.Nxc1 Nd7 26.Nb3 Nb6 27.Nd2 Kg7 28.Qb1 Qa8 29.Qb2 f6 30.h4 h5
31.Kh2 Kf8 32.Re3 Ra1 33.Be2 Kg7 34.Rg3 Kh7 35.Nb3 Ra3 36.Nd2 Ra7 37.Re3 Na2
38.Nxa2 Rxa2 39.Qc3 Qa5 40.Nb1 Qb4 41.Qd3 Nxc4 42.Rg3 Rxe2 43.Qxe2 Qxb1 44.Qf3 Nd2
45.Qd3 Qc1 46.Qa3 Nf1+ 47.Kg1 Nxg3+  0-1

[Event "EU-ch U18"]
[Site "Vejen"]
[Date "1993.??.??"]
[Round "1"]
[White "Hedman, Erik"]
[Black "Georgiev, Vladimir"]
[Result "0-1"]
[WhiteElo "2255"]
[BlackElo "2430"]

1.d4 Nf6 2.c4 g6 3.Nc3 Bg7 4.e4 d6 5.Nf3 O-O 6.Be2 e5 7.Be3 h6 8.d5 Ng4 9.Bc1 f5
10.O-O f4 11.Ne1 h5 12.Rb1 Nh6 13.b4 Nd7 14.c5 Nf6 15.Nf3 Nf7 16.Nd2 a5 17.cxd6 Nxd6
18.Ba3 axb4 19.Bxb4 Rf7 20.Rb3 Bf8 21.Nf3 Nd7 22.Ne1 Qg5 23.Qb1 b6 24.Nb5 Nxb5
25.Bxb5 Nc5 26.Rc3 Bd6 27.Bc6 Ra6 28.f3 h4 29.Rf2 h3 30.Nd3 Nxd3 31.Rxd3 Qe7
32.Bxd6 Qxd6 33.Rc2 hxg2 34.Bb5 Ra5 35.Rc6 Qf8 36.Rxg6+ Kh7 37.Rxg2 Qc5+
38.Kh1 Rxb5 39.Qe1 Qe7 40.Rc3 Rc5 41.Rxc5 bxc5  0-1

[Event "EU-ch U18"]
[Site "Vejen"]
[Date "1993.??.??"]
[Round "4"]
[White "Oms Pallise, Josep"]
[Black "Silva, Paulo"]
[Result "1/2-1/2"]
[WhiteElo "2150"]
[BlackElo "1950"]

1.Nf3 Nf6 2.c4 g6 3.Nc3 Bg7 4.e4 d6 5.d4 Nbd7 6.Be2 O-O 7.O-O e5 8.Qc2 c6
9.Rd1 Qe7 10.Rb1 Re8 11.d5 c5 12.a3 Nh5 13.g3 Rf8 14.Ne1 Nhf6 15.b4 b6 16.Nd3 Ne8
17.Bd2 f5 18.f3 Ndf6 19.Kg2 fxe4 20.fxe4 Qd7 21.Nf2 Nc7 22.bxc5 bxc5 23.Nb5 Nfe8
24.Rf1 Nf6 25.Qa4 Nxb5 26.Qxb5 Qxb5 27.Rxb5 Bd7 28.Rb7 Rfb8 29.Rfb1 Rxb7
30.Rxb7 Bc8 31.Rb1 Ba6 32.Bd3 Nd7 33.Ba5 Bf6 34.Bc7 Be7 35.Nd1 Rc8 36.Ba5 Bd8
37.Bd2 Nb6 38.Nb2 Rb8 39.Na4 Bc7 40.Nxb6  1/2-1/2

[Event "EU-ch U18"]
[Site "Vejen"]
[Date "1993.??.??"]
[Round "5"]
[White "Brancaleoni, Maurizio"]
[Black "Huberty, Marc"]
[Result "1-0"]
[WhiteElo "2195"]
[BlackElo "2130"]

1.d4 Nf6 2.c4 g6 3.Nc3 Bg7 4.e4 d6 5.Be2 O-O 6.Nf3 e5 7.Be3 Nc6 8.d5 Ne7
9.Nd2 Nd7 10.b4 f5 11.f3 Nf6 12.c5 f4 13.Bf2 g5 14.a4 Ng6 15.a5 Rf7 16.cxd6 cxd6
17.Nb5 Nh4 18.Rg1 a6 19.Bb6 Qf8 20.Nc7 Bd7 21.Nxa8 Qxa8 22.Rc1 Ne8 23.Qb3 g4
24.b5 Nf6 25.bxa6 bxa6 26.Qc4  1-0

[Event "EU-ch U18"]
[Site "Vejen"]
[Date "1993.??.??"]
[Round "9"]
[White "Rogozenko, Dorin"]
[Black "Oratovsky, Michael"]
[Result "1/2-1/2"]
[WhiteElo "2500"]
[BlackElo "2420"]

1.d4 d6 2.Nf3 g6 3.c4 Bg7 4.Nc3 Nd7 5.e4 e5 6.Be2 Ngf6 7.O-O O-O 8.Qc2 Nh5
9.Rd1 Nf4 10.Bf1 Ne6 11.d5 Nf4 12.g3 Nh5 13.Nh4 a5 14.Be3 Nc5 15.Bxc5 dxc5
16.d6 cxd6 17.Ng2 Bh6 18.Nb5 Ra6 19.Qd3 Qe7 20.Be2 Ng7 21.Nxd6 Bh3 22.Ne3 Ne6
23.Nb5 Bxe3 24.fxe3 Qg5 25.Nc3 h5 26.Bf1 Bg4 27.h4 Qh6 28.Re1 g5 29.Nd5 gxh4
30.gxh4 Kh7 31.Bg2 f5 32.exf5 Bxf5 33.Qe2 Ng7  1/2-1/2

[Event "EU-ch U18"]
[Site "Vejen"]
[Date "1993.??.??"]
[Round "10"]
[White "Oms Pallise, Josep"]
[Black "Brancaleoni, Maurizio"]
[Result "1-0"]
[WhiteElo "2150"]
[BlackElo "2195"]

1.c4 g6 2.d4 Nf6 3.Nc3 Bg7 4.e4 d6 5.Be2 O-O 6.Nf3 e5 7.O-O Na6 8.Re1 c6
9.Bf1 Bg4 10.d5 Ne8 11.Be2 Bd7 12.Rb1 c5 13.a3 f5 14.b4 Nf6 15.Nd2 Bh6 16.Bd3 Nh5
17.exf5 Nf4 18.Nde4 Nxd3 19.Bxh6 Nxe1 20.Bxf8 Qxf8 21.fxg6 Nxg2 22.Qh5 Qg7
23.Qxh7+ Kf8 24.Kxg2 Bf5 25.Qxg7+ Kxg7 26.bxc5 Nxc5 27.Nxc5 Bxb1 28.Ne6+ Kxg6
29.Nxb1 a6 30.a4 Kf5 31.Nd2 e4 32.h4 Rg8+ 33.Ng5 Kg4 34.Ngxe4 Rd8 35.Nf1 Kf4
36.Ng5 Rh8 37.Nf7 Rxh4 38.Nxd6 Ke5 39.Ne3 Rh7 40.Ndf5 Ke4 41.c5 Kf4 42.d6 Rh8
43.Ne7 Rd8 44.N3d5+ Ke4 45.Kg3 Kd3 46.Ne3 Kc3 47.Kf4 a5  1-0

[Event "EU-ch U18"]
[Site "Vejen"]
[Date "1993.??.??"]
[Round "10"]
[White "Tratar, Marko"]
[Black "Kempinski, Robert"]
[Result "1/2-1/2"]
[WhiteElo "2290"]
[BlackElo "2370"]

1.d4 Nf6 2.c4 g6 3.Nc3 Bg7 4.e4 d6 5.Nf3 O-O 6.Be2 e5 7.O-O Na6 8.Be3 Ng4
9.Bg5 Qe8 10.dxe5 Nxe5 11.Nxe5 Qxe5 12.Qd2 Nc5 13.Bf4 Qd4 14.Qxd4 Bxd4 15.Nb5 Bxb2
16.Nxc7 Bxa1 17.Bxd6 Nxe4 18.Bxf8 Rb8 19.Bd6 Nxd6 20.Rxa1 Bf5 21.g4 Bc2 22.Rc1 Ba4
23.Nb5 Bxb5 24.cxb5 Kf8 25.f3 Rc8 26.Rxc8+ Nxc8 27.Kf2 Ke7 28.Ke3 Kd6 29.Kd4 g5
30.f4 h6 31.Bc4 Ke7 32.fxg5 hxg5 33.Bd3 Kd6 34.b6 Nxb6 35.Be4 Kc7 36.Ke5 Nd7+
37.Kf5 f6 38.Bf3 b5 39.Ke6 b4 40.Be2 a5 41.Bb5 a4 42.Bxa4 Nc5+ 43.Kxf6 Nxa4
44.Kxg5 Nc3 45.h4 Nxa2 46.h5 b3  1/2-1/2

[Event "EU-ch U18"]
[Site "Vejen"]
[Date "1993.??.??"]
[Round "11"]
[White "Fyllingen, Roy Harald"]
[Black "Tratar, Marko"]
[Result "0-1"]
[WhiteElo "2330"]
[BlackElo "2290"]

1.d4 Nf6 2.c4 g6 3.Nc3 Bg7 4.e4 d6 5.Nf3 O-O 6.Be2 e5 7.dxe5 dxe5 8.Qxd8 Rxd8
9.Bg5 Nbd7 10.O-O-O Rf8 11.Nd5 c6 12.Ne7+ Kh8 13.Nxc8 Raxc8 14.Rd6 Nc5 15.Bxf6 Bxf6
16.Re1 Nxe4 17.Rd7 Nc5 18.Rdd1 a5 19.Bd3 Rfe8 20.Bc2 e4 21.Nd4 Bxd4 22.Rxd4 Rcd8
23.Rxd8 Rxd8 24.Re3 f5 25.b3 Kg7 26.g3 Kf6 27.f3 exf3 28.Rxf3 Ne6  0-1

[Event "Velden op"]
[Site "Velden"]
[Date "1993.??.??"]
[Round "6"]
[White "Horvath, Csaba"]
[Black "Mazi, Leon"]
[Result "0-1"]
[WhiteElo "2490"]
[BlackElo "2295"]

1.d4 Nf6 2.c4 d6 3.Nc3 e5 4.Nf3 Nbd7 5.e4 g6 6.Be2 Bg7 7.O-O O-O 8.Qc2 exd4
9.Nxd4 c6 10.Rd1 Qe7 11.Rb1 Nc5 12.f3 a5 13.Bf1 Ne8 14.Qf2 Nc7 15.b3 N7e6
16.Be3 Be5 17.g3 Nxd4 18.Bxd4 Ne6 19.Bxe5 dxe5 20.Ne2 Rd8 21.Qe3 Rxd1 22.Rxd1 a4
23.Qc3 Qc5+ 24.Kg2 axb3 25.axb3 Ng5 26.Ng1 Ra2+ 27.Be2 Rxe2+ 28.Nxe2 Bh3+
29.Kh1 Qf2 30.Nf4 Nxf3  0-1

[Event "Vicente Lopez op"]
[Site "Vicente Lopez"]
[Date "1993.??.??"]
[Round "4"]
[White "Ricardi, Pablo"]
[Black "Garcia, Raimundo"]
[Result "1-0"]
[WhiteElo "2480"]
[BlackElo "2375"]

1.d4 Nf6 2.c4 g6 3.Nc3 Bg7 4.e4 d6 5.Nf3 O-O 6.Be2 e5 7.O-O exd4 8.Nxd4 Re8
9.f3 Nh5 10.g4 Nf6 11.Bg5 Nc6 12.Nc2 h6 13.Bh4 Ne5 14.Ne3 Ned7 15.Kh1 b6
16.Qc2 Bb7 17.Rad1 Qb8 18.Kg1 a5 19.Ned5 Nh7 20.Qd2 Nc5 21.Rde1 Kh8 22.Bd1 Ba6
23.b3 c6 24.Ne3 Ng5 25.Bg3 Be5 26.Bc2 Bxg3 27.hxg3 d5 28.Qh2 Kg7 29.exd5 Bb7
30.f4 Nge4 31.Nxe4 Nxe4 32.g5  1-0